[Event "TUR-chT2"]
[Site "Konya"]
[Date "2014.06.27"]
[Round "7.8"]
[White "Ergene, Mertcan"]
[Black "Aslan, Huseyin"]
[Result "1/2-1/2"]
[WhiteElo "1647"]
[BlackElo "1618"]
[PlyCount "68"]
[EventDate "2014.06.23"]
[EventType "team-swiss"]
[EventRounds "9"]
[EventCountry "TUR"]
[SourceTitle "CBM 161 Extra"]
[Source "ChessBase"]
[SourceDate "2014.08.29"]
[SourceVersion "1"]
[SourceVersionDate "2014.08.29"]
[SourceQuality "1"]
[WhiteTeam "Karaman Belediye"]
[BlackTeam "Sader"]
[WhiteTeamCountry "TUR"]
[BlackTeamCountry "TUR"]

1. e4 c5 2. Nf3 Nc6 3. d4 cxd4 4. c3 d3 5. Bxd3 g6 6. Bc4 d6 7. 0-0 Bg7 8. Qe2 Nf6 9. h3 0-0 10. Rd1 Nd7 11. Bg5 Nde5 12. Nxe5 Nxe5 13. Bd5 Qc7 14. Na3 a6 15. Nc2 h6 16. Bh4 g5 17. Bg3 Ng6 18. Qh5 Kh7 19. Ne3 Be6 20. Nf5 Bxd5 21. exd5 Qd7 22. Qg4 Qc8 23. Re1 Re8 24. h4 gxh4 25. Bxh4 Rg8 26. Bxe7 Bxc3 27. Qh5 Bg7 28. Bxd6 Rh8 29. Ne7 Qc2 30. Qf5 Qxf5 31. Nxf5 b5 32. Nxg7 Kxg7 33. Be5+ Nxe5 34. Rxe5 Rhd8 1/2-1/2

[Event "TUR-chT"]
[Site "Konya"]
[Date "2011.06.29"]
[Round "2"]
[White "Ciloglu, Dogu"]
[Black "Ergene, Mertcan"]
[Result "1-0"]
[WhiteElo "1770"]
[BlackElo "1731"]
[PlyCount "108"]
[EventDate "2011.06.28"]
[EventType "team-swiss"]
[EventRounds "13"]
[EventCountry "TUR"]
[SourceTitle "CBM 143 Extra"]
[Source "ChessBase"]
[SourceDate "2011.08.29"]
[SourceVersion "1"]
[SourceVersionDate "2011.08.29"]
[SourceQuality "1"]
[WhiteTeam "Manisa Doruk Koleji"]
[BlackTeam "Yesilkoy"]
[WhiteTeamCountry "TUR"]
[BlackTeamCountry "TUR"]

1. e4 c5 2. Nf3 Nc6 3. Bb5 g6 4. Bxc6 dxc6 5. d3 Bg7 6. Nc3 Nf6 7. h3 Nd7 8. Be3 e5 9. 0-0 Qe7 10. Qd2 h6 11. a3 Nf8 12. b4 Ne6 13. Rfb1 g5 14. Na4 b6 15. bxc5 b5 16. Nc3 Nf4 17. a4 g4 18. hxg4 Bxg4 19. Nh2 Qg5 20. Nxg4 Qxg4 21. f3 Qg3 22. axb5 Bf6 23. Bxf4 exf4 24. d4 Rg8 25. e5 Bh4 26. Qe2 Qg6 27. Ne4 Bg3 28. b6 Ke7 29. bxa7 Qh5 30. Nxg3 fxg3 31. Qe3 Qh2+ 32. Kf1 Qh1+ 33. Qg1 Qh4 34. Rb7+ Ke6 35. Rab1 Qf4 36. Ke1 Rgd8 37. c3 f6 38. exf6 Kxf6 39. Kd1 Re8 40. R1b2 Re3 41. Rd2 Rxc3 42. Qf1 Qe3 43. Rc7 Ra3 44. Qc4 Re8 45. Qf7+ Kg5 46. Qg7+ Kf5 47. Qf7+ Kg5 48. Qg7+ Kf5 49. Rf7+ Ke6 50. Rf6+ Kd5 51. Qf7+ Re6 52. Qd7+ Kc4 53. Qxe6+ Qxe6 54. Rxe6 Kd5 1-0